Historiografia financií v období centrálne plánovaného hospodárstva pri uplatnení fiškálneho centralizmu
Pokračovanie príspevku z predchádzajúceho čísla. Analýza finančného hospodárenia v období centrálne plánovaného hospodárstva, ktoré ako spoločensko – ekonomická formácia jestvovala v období po II. Svetovej vojne od roku 1948 a trvala do 17. novembra 1989 s dôsledkami aj v neskoršom období, pričom po...
Saved in:
| Main Author: | |
|---|---|
| Format: | Book Chapter |
| Language: | Slovak |
| Subjects: | |
| Tags: |
No Tags, Be the first to tag this record!
|
MARC
| LEADER | 00000nla a2200000 4500 | ||
|---|---|---|---|
| 001 | 0223773 | ||
| 005 | 20240502073649.2 | ||
| 041 | 0 | |a slo | |
| 044 | |a SK | ||
| 245 | 1 | 0 | |a Historiografia financií v období centrálne plánovaného hospodárstva pri uplatnení fiškálneho centralizmu |c Peter Baláži |
| 520 | |a Pokračovanie príspevku z predchádzajúceho čísla. Analýza finančného hospodárenia v období centrálne plánovaného hospodárstva, ktoré ako spoločensko – ekonomická formácia jestvovala v období po II. Svetovej vojne od roku 1948 a trvala do 17. novembra 1989 s dôsledkami aj v neskoršom období, pričom pozostatky pretrvávajú dodnes. Toto obdobie má vzhľadom na systém hospodárenia svoje špecifiká v systéme hospodárstva jak štátneho / verejného / tak aj podnikovo- hospodárskeho. | ||
| 610 | 2 | 0 | |a rozpočet štátny |
| 610 | 2 | 0 | |a financie verejné |
| 610 | 2 | 0 | |a hospodárstvo povojnové |
| 610 | 2 | 0 | |a hospodárstvo socialistické |
| 610 | 2 | 0 | |a história |
| 610 | 2 | 0 | |a plánovanie hospodárske |
| 100 | 1 | |a Baláži, Peter | |